| 000 | 00960nam a2200241 a 4500 | ||
|---|---|---|---|
| 001 | BRCA_6331 | ||
| 005 | 20190320205421.0 | ||
| 008 | 110811s1921----gw-#######---#000-0#ger-# | ||
| 041 | _ager | ||
| 044 | _agw | ||
| 050 | 4 |
_aPT2638 _b.N5 C3 _c1921 |
|
| 100 | 1 |
_aGerling, Reinhold _915877 |
|
| 245 | 1 | 0 |
_aTatmensch _bEine Lebensberatung zu kraftvoller erfolgreicher Lebensgestaltung _cvon Reinh Gerling. |
| 260 |
_a[Alemania] _bAnthropos _c1921 |
||
| 300 |
_a1 tomo de 8 v. separados _c11 cm. |
||
| 500 | _aEdición con guarda de cartoncillo | ||
| 500 | _aK32 | ||
| 501 | _aContenido: I Jedermann ein Herrscher .-- II Los von Althergebrachten.-- III Des Catmenschen Werden .-- IV Der rechte Beruf.-- V Kraftvolle Lebensgrundsätze.-- VI Die Kunstgriffe der Erfolgreichen .-- VII Die Kunst des Geldverdienens .-- VIII Die Bermeifterung des Schidfals | ||
| 650 | 1 | 4 |
_aÉxito _910808 |
| 650 | 1 | 4 |
_aSuperación personal _915878 |
| 902 | _aGFM | ||
| 942 |
_2lcc _cB |
||
| 999 |
_c6017 _d6017 |
||